000 00706nam a22002297a 4500
003 UA-OsUOA
001 49351
007 ta
008 20131219b un ||||| |||| 00| 0 ukr d
100 _aМлиновецький Р.
090 _a94(477).06
_bМ72
942 _cBK
040 _aUA-OsUOA
_bukr
_cUA-OsUOA
_dUA-OsUOA
245 _aНариси з історії українських визвольних змагань 1917-1922 рр. ("Про що історія мовчить")
_bТ.1
300 _aС. І-ІХ + 1-126 с.
955 _a1
041 _aukr
080 _a94(477).06
260 _c1966
650 7 _a9 Географія. Біографії. Історія
_2UDC
999 _c429473
_d429473